Nghiên cứu tôn giáo = Relious studies

Đã lưu trong:
Sonraí Bibleagrafaíochta
Formáid: Leabhar
Teanga:Undetermined
Foilsithe: Hà Nội Viện Khoa học xã hội Việt Nam. Viện Nghiên cứu Tôn giáo 2018
Ábhair:
Clibeanna: Cuir Clib Leis
Gan Chlibeanna, Bí ar an gcéad duine leis an taifead seo a chlibeáil!
Thư viện lưu trữ: Trung tâm Học liệu Trường Đại học Cần Thơ
LEADER 00625nam a2200181Ia 4500
001 CTU_234775
008 210402s9999 xx 000 0 und d
082 |a 200 
082 |b Ngh305 
245 0 |a Nghiên cứu tôn giáo = 
245 0 |b Relious studies 
245 0 |c Viện Khoa học xã hội Việt Nam. Viện Nghiên cứu Tôn giáo 
260 |a Hà Nội 
260 |b Viện Khoa học xã hội Việt Nam. Viện Nghiên cứu Tôn giáo 
260 |c 2018 
650 |a Religious,Tôn giáo 
904 |i T.Trang 
980 |a Trung tâm Học liệu Trường Đại học Cần Thơ